000 00843nam a2200265Ia 4500
005 20250303163806.0
008 121119s1995 sp a gr 000 0 spa
020 _a8478386815
040 _aCO-BoRNBP
_bspa
_erda
_cCO-BoRNBP
041 0 _aspa
082 0 4 _aR 608
_bC24h
100 1 _aCeldrán Gomariz, Pancracio
_959054
245 1 0 _aHistoria de las cosas
_cPancracio Celdrán
250 _aPrimera edición
264 _aMadrid
_bEdiciones del Prado
_c1995
300 _axi, 308 páginas
_bilustraciones
_c24 cm
336 _atexto
_btxt
_2rdacontent
337 _asin mediación
_bn
_2rdamedia
338 _avolumen
_bnc
_2rdacarrier
490 0 _aPalabras mayores
650 1 4 _aCuriosidades científicas
_2LEMB
_959055
650 1 4 _a Curiosidades y enigmas
_2LEMB
_959056
650 1 4 _aInventos
_xHistoria
_2LEMB
_959057
942 _2ddc
_cBK
999 _c1020
_d1020